Statistiques concernant Culture Générale - Série 378

Cliquez ici pour prendre le quiz!

Statistiques générales

  • Ce quiz a été pris 105 fois
  • Le résultat moyen est 9 sur 10

Statistiques - réponses

QuestionRéponse% Correct
Quelle est la couleur du maillot du leader du classement général individuel au temps sur le Tour de France ?Jaune
100%
Quel maire de Paris est devenu président de la République française en 1995 ?Jacques Chirac
99%
Quelle partie de l'oeuf est utilisée pour fabriquer de la meringue ?Le blanc
99%
Quel nom donne-t-on à un journal qui paraît chaque semaine ?Un hebdomadaire
97%
Selon la comptine enfantine " Il pleut il mouille, c'est la fête à la...Grenouille
97%
Quelle est la nationalité du tennisman Roger Federer ?Suisse
96%
Quel est le prénom du footballeur français Ribéry ?Franck
93%
Quelle romancière britannique a créé le fameux détective belge Hercule Poirot ?Agatha Christie
92%
Quel est le nom du petit ustensile de table destiné à poser son oeuf pour le manger à la coque ?Le coquetier
88%
Qui a mis en scène Claudia Cardinale dans "Il était une fois dans l'Ouest" ?Sergio Leone
60%

Distribution des résultats

Percentile par nombre de réponses

% des personnes avec chaque résultat

Votre développement - résultats

Vous n’avez pas pris ce quiz